| 000 | 00867nam a22002537a 4500 | ||
|---|---|---|---|
| 003 | OSt | ||
| 008 | 230524b2023 |||||||| |||| 00| 0 eng d | ||
| 020 | _a9789356064317 | ||
| 082 |
_a658.4032 _bSCH-B |
||
| 100 | _aSchniederjans, Marc J. | ||
| 245 |
_aBusiness analytics principles, concepts, and applications : _bwhat, why, and how / _cMarc J. Schniederjans ; Dara G. Schniederjans and Christopher M. Starkey |
||
| 260 |
_aNoida : _bPearson, _c2023. |
||
| 300 | _axviii, 350 p. ; | ||
| 650 | _aSAS (Computer file) | ||
| 650 | _aBusiness intelligence | ||
| 650 | _aBusiness report writing | ||
| 650 | _aStrategic planning | ||
| 650 | _aBusiness planning | ||
| 650 | _aIndustrial management-Statistical methods | ||
| 650 | _aManagement-Data processing | ||
| 650 | _aManagement-Statistical methods | ||
| 700 | _aSchniederjans, Dara G. | ||
| 942 |
_2ddc _cBK _06 |
||
| 999 |
_c19660 _d19660 |
||